| 000 | 00686nam a2200193Ia 4500 | ||
|---|---|---|---|
| 003 | LDD | ||
| 008 | 190117s9999 xx 000 0 und d | ||
| 020 |
_a8187482192 _c₹120 |
||
| 040 | _cLDD | ||
| 041 | _ahi | ||
| 082 | _a8H3.7 शा76आ | ||
| 100 | _aशाह, रमेशचन्द्र | ||
| 245 | 0 |
_aआप कहीं नहीं रहते विभूति बाबू _cरमेशचन्द्र शाह |
|
| 260 |
_aवीकानेर _bवाग्देवी प्रकाशन _c2005 |
||
| 300 | _a112पृ. | ||
| 901 | _aHBC | ||
| 904 | _aReqst by : J.M. Parakh | ||
| 942 |
_2ddc _cH |
||
| 999 |
_c171647 _d171647 |
||